000 01037nam a2200337 c 4500
001 59016
003 CO-BoRNBP
005 20250901232105.0
007 ta
008 200325s1993 ck a gr 000 0 spa d
020 _a8430561412
020 _a9789580700845
040 _aCO-BoRNBP
_bspa
_erda
_cCO-BoRNBP
041 0 _aspa
043 _ae-sp---
084 _aN CLI1
100 1 _aCliment, Paco
_d1945-
_eaut
_964631
245 1 3 _aLa gripe de Búffalo Bill /
_cPaco Climent ; ilustraciones de Angel Esteban.
250 _aCuarta edición
264 1 _aMadrid, España :
_bSusaeta,
_c1990
300 _a120 páginas :
_bilustraciones en blanco y negro
336 _atexto
_btxt
_2rdacontent
337 _asin mediación
_bn
_2rdamedia
338 _avolumen
_bnc
_2rdacarrier
490 0 _aLas campanas
650 0 4 _aLiteratura española
_ySiglo XX
_2LEMB
_9563
650 0 4 _aNovela española
_ySiglo XX
_2LEMB
_9562
650 0 7 _aVaqueros
_vNovela
_zEspaña
_2lemb
_964632
700 1 _aEsteban, Ángel
_eill
_964633
942 _2loc
_cBK
999 _c59016
_d59016